000 00943nam a2200229 a 4500
005 20091212142727.0
010 _aB-470507
020 _a9780330448390
_c199.00
035 _aB-470507
037 _bBlueberry Books/Ven
082 _aS
100 _aBlyton, Enid
_952755
245 _aThe ship of adventure /
_cby Enid Blyton
_b
260 _bMacmillan Children Books
_c2007
_aLondon
270 _a20 New Wharf Road,
_bLondon
300 _a266, 9p.
_c20cm(pbk)
490 _aAdventure series
_vbook 6
_952756
942 _2ddc
_cCH
_mBLY
_hS
999 _c32677
_d32677